Hardly any fences : Baja California in 1933-1959 /

Bibliographic Details
Main Author: Hilton, John W.
Format: Book
Language:English
Published: Los Angeles : Dawson's Book Shop, 1977.
Series:Baja California travels series ; 38.
Subjects:

MARC

Tag First Indicator Second Indicator Subfields
LEADER 00000cam a2200000 i 4500
001 in00000361069
005 20231010183939.6
008 770718s1977 caua 000 0aeng
010 |a  77151260  
020 |a 0870932381 
035 |a (OCoLC)03151383 
035 |9 ABN7286AM 
040 |a DLC  |c DLC  |d TXA  |d UtOrBLW 
043 |a n-mx--- 
049 |a TXAM [Also in] [Sp Coll]  |c 1 [1611625]  |a TXAS [dyks] [misc]  |c 2 [A08592935]  |c 3 
050 0 0 |a F1246  |b .H6 1977 
082 0 |a 917.2/2/04820924 
100 1 |a Hilton, John W. 
245 1 0 |a Hardly any fences :  |b Baja California in 1933-1959 /  |c by John W. Hilton. 
264 1 |a Los Angeles :  |b Dawson's Book Shop,  |c 1977. 
300 |a 189 pages :  |b illustrations ;  |c 23 cm. 
336 |a text  |b txt  |2 rdacontent 
337 |a unmediated  |b n  |2 rdamedia 
338 |a volume  |b nc  |2 rdacarrier 
490 1 |a Baja California travels series ;  |v 38 
500 |a "500 copies printed by Grant Dahlstrom at the Castle Press, Pasadena." 
500 |a Cushing Library Kelsey Ill. copy is signed, with a drawing by author. 
600 1 0 |a Hilton, John W. 
651 0 |a Baja California (Mexico : Peninsula)  |x Description and travel. 
830 0 |a Baja California travels series ;  |v 38. 
999 |a MARS 
999 f f |s 7a913602-04a7-3218-afbe-1d65336a1399  |i 2c1b0e0d-376d-3d20-a236-00c6626759f2  |t 0 
952 f f |p ric  |a Texas A&M University  |b Rellis Campus  |c Joint Library Facility  |d Remote Storage  |t 0  |e F1246 .H6  |h Library of Congress classification  |i unmediated -- volume  |m A14802344457 
952 f f |p noncirc  |a Texas A&M University  |b College Station  |c Cushing Memorial Library & Archives  |d Cushing: Dykes (Does not check out)  |t 0  |e F1246 .H6 1977  |h Library of Congress classification  |i unmediated -- volume  |m A1485311974A 
952 f f |p noncirc  |a Texas A&M University  |b College Station  |c Cushing Memorial Library & Archives  |d Cushing: Dykes (Does not check out)  |t 0  |e F1246 .H6  |h Library of Congress classification  |i unmediated -- volume  |m A14851741331 
998 f f |a F1246 .H6  |t 0  |l Cushing: Dykes (Does not check out) 
998 f f |a F1246 .H6  |t 0  |l Remote Storage 
998 f f |a F1246 .H6 1977  |t 0  |l Cushing: Dykes (Does not check out)